| 000 | 00529nam a2200133Ia 4500 | ||
|---|---|---|---|
| 008 | 220620s9999||||xx |||||||||||||| ||und|| | ||
| 100 | _aSlings, Hubert | ||
| 245 | 2 |
_aA Key to Dutch History _bThe Cultural Canon of the Netherlands |
|
| 546 | _aEnglish[eng] | ||
| 650 | _ahistory||wetenschap algemeen||gescheidenis||popular science | ||
| 700 | _avan Oostrom, Frits | ||
| 856 | _uhttps://library.oapen.org/bitstream/20.500.12657/35333/1/339990.pdf||https://library.oapen.org/bitstream/20.500.12657/35333/1/339990.pdf | ||
| 942 | _cEB | ||
| 999 |
_c26947 _d26947 |
||